000
00325nam a2200133Ia 4500
008
210210b1991 xxu||||| |||| 00| 0 eng d
082
_a
362.2K ASHM
100
_a
ASHOK PAI (Ke Ea).
245
_a
Manasa.
260
_a
Bengaluru
_b
Divyachandra Prakashana
_c
1991
300
_a
333
690
_a
Social Welfare
906
_a
047191
999
_c
96050
_d
96050